Presas de escollera con pantalla de hormigón: estado del arte

Salvato in:
Dettagli Bibliografici
Ente Autore: Comité Español de Grandes Presas (Autore)
Natura: Libro
Lingua:spagnolo
Pubblicazione: Madrid Colegio de Ingenieros de Caminos, Canales y Puertos 1995
Serie:Colección Monografías, 20
Soggetti:
Tags: Aggiungi Tag
Nessun Tag, puoi essere il primo ad aggiungerne!!

MARC

LEADER 00000nam a2200000 a 4500
001 UCQ8622
003 CL-VaPUC
008 981210e19950000SP |||||||||||||||||spa|d
082 0 4 |a 627.8  |b COM  |2 21 
110 2 |a Comité Español de Grandes Presas  |e author  |9 422688 
245 1 0 |a Presas de escollera con pantalla de hormigón: estado del arte 
300 |a 92 p 
942 |c BK 
945 |d 19981210 00:00:00  |a aarredon 
260 |a Madrid  |b Colegio de Ingenieros de Caminos, Canales y Puertos  |c 1995 
650 7 |a OBRAS HIDRAULICAS  |2 CL-VaPUC  |9 396126 
650 7 |a PRESAS  |2 CL-VaPUC  |9 326073 
650 0 |a Diseño y construcción  |9 260862 
650 0 |a Hormigones  |9 262546 
650 7 |a ESCOLLERAS  |2 CL-VaPUC  |9 262826 
650 0 |a Estructuras de hormigón   |9 262647 
583 |a last modification  |c 20160921 10:10:27  |k Rodrigo Vera 
490 0 |a Colección Monografías, 20 
999 |c 277837  |d 277835 
952 |0 0  |1 0  |4 0  |6 627_800000000000000_COM_1995  |7 0  |8 A  |9 316062  |a BIBING  |b BIBING  |d 2019-11-20  |i 349036K  |o 627.8 COM 1995  |p 349036K  |r 2025-01-20  |w 2019-11-20  |y BK  |k CCL